| 000 | 00770cam a22002537a 4500 | ||
|---|---|---|---|
| 001 | 002323 | ||
| 003 | armpunfd | ||
| 005 | 20140612090704.0 | ||
| 008 | 100601e0####xx#a##########000#0#und#d | ||
| 040 |
_aarmpunfd _carmpunfd |
||
| 080 | _a331.104+ 321.24 SA 72 | ||
| 100 | 1 | 0 | _a Sardegna Miguel A |
| 245 | 1 | 0 | _aLas relaciones laborales en el mercosur |
| 260 |
_a Uenos Aires : La Rocca _b1995. Isbn: 950-9714-70-4. 311 P. |
||
| 650 | 7 |
_a Derecho Comunitario _2LEMB |
|
| 650 | 7 |
_a Derecho Laboral _2LEMB |
|
| 650 | 7 |
_a Mercosur _2LEMB |
|
| 650 | 7 |
_a Nafta _2LEMB |
|
| 650 | 7 |
_a Principios De Derecho Del Trabajo _2LEMB |
|
| 650 | 7 |
_a Relaciones Laborales _2LEMB |
|
| 650 | 7 |
_a Seguridad Social _2LEMB |
|
| 942 |
_cLB _2cdu |
||
| 945 |
_aCatalis _d2010-08-19 |
||
| 999 |
_c2313 _d232817 |
||